Nueva era de la alimentación

Gespeichert in:
Bibliographische Detailangaben
1. Verfasser: Hellman, Hal (VerfasserIn)
Format: Buch
Sprache:Spanisch
Veröffentlicht: Buenos Aires Marymar 1978
Schriftenreihe:Colección Nueva Ciencia
Schlagworte:
Tags: Tag hinzufügen
Keine Tags, Fügen Sie den ersten Tag hinzu!

MARC

LEADER 00000nam a2200000 a 4500
001 UCY9648
003 CL-VaPUC
008 950717e19780000AG |||||||||||||||||spa|d
082 0 4 |a 664.001  |b HEL  |2 21 
100 |a Hellman, Hal  |e author  |9 369012 
245 1 0 |a Nueva era de la alimentación 
300 |a 195 p 
942 |c BK 
945 |d 19950717 00:00:00  |a lriquelm 
260 |a Buenos Aires  |b Marymar  |c 1978 
650 0 |a Alimentos  |9 256203 
650 0 |a Agricultura  |9 255598 
650 7 |a NECESIDADES HUMANAS  |2 CL-VaPUC  |9 342118 
650 7 |a TECNOLOGIA DE ALIMENTOS  |2 CL-VaPUC  |9 342119 
650 7 |a CALIDAD AMBIENTAL  |2 CL-VaPUC  |9 338241 
583 |a last modification  |c 19950717 00:00:00  |k Rodrigo Vera 
490 0 |a Colección Nueva Ciencia 
999 |c 236701  |d 236699 
952 |0 0  |1 0  |4 0  |6 664_001000000000000_HEL_1978  |7 0  |8 P  |9 244964  |a BIBEDU  |b BIBEDU  |c BIBEDU_PB  |d 2019-11-18  |i 1532960  |o 664.001 HEL 1978  |p 1532960  |r 2024-01-25  |w 2019-11-18  |y BK  |k EDU